Paroles- Trois ptits chats - Statistiques

Statistiques générales
  • Ce quiz a été pris 4 303 fois
    4 207 depuis la dernière actualisation
  • Le résultat moyen est 148 sur 200
Statistiques - réponses
Trois ptits chats % Correct
Trois
99%
trois
99%
Chapeau
98%
de
98%
paille
98%
chats
97%
Paillasson
97%
ptits
96%
tin
89%
son
86%
bout
85%
Bout
85%
à
84%
cheval
83%
Cheval
83%
marre
83%
course
81%
Course
81%
Marabout
80%
pied
80%
Pied
80%
Bulletin
79%
Selle
79%
Somnambule
79%
terre
78%
Terre
78%
bule
77%
feu
76%
Feu
76%
la
76%
Tintamarre
76%
vache
75%
Vache
75%
ferme
74%
Ferme
74%
Lait
74%
celle
69%
d'ficelle
67%
let
67%
val
61%
follet
60%
Lettre
43%
boîte
42%
Boîte
42%
mour
41%
d'amour
39%
lettres
27%
Fin
22%
Mourre
18%
l'histoire
17%
dauphins
16%
toire
15%
phins
14%
Aucun quiz correspondant
Distribution des résultats
% des personnes avec chaque résultat
Percentile par nombre de réponses
Votre historique - résultats
Vous n’avez pas pris ce quiz depuis la dernière actualisation